000 00492nam a22001817a 4500
005 20230403155515.0
008 221220b |||||||| |||| 00| 0 eng d
020 _a978-0-12-820007-0
041 _aeng
082 _a615.1 ADE-R
100 _aADEJARE ,ADEBOYE
_97730
245 _aREMINGTON THE SCIENCE AND PRACTICE OF PHARMACY
250 _a23rd ed.
260 _bELSEVIER ACADEMIC PRESS
_c2021
300 _a1000;P.
650 _aPHARMACY
_xB.PHARMA & D.PHARMA
_97731
942 _cBK
999 _c8142
_d8140